000 00433nam a2200169 a 4500
001 0000-8705
003 ELIB.Books
008 110520 1950
035 _a(ELIB.Books)0000-8851
082 _a268.432
_bTay
100 _aTaylor, Florence M.
245 _aTheir Rightful Heritage
260 _bBoston; Pilqrim Press
_c1950
650 _aChristian Education
942 _2ddc
_cBK
998 _cbat
_e2011-05-20
999 _c8705
_d8705